| 000 | 00709nam a2200241 a 4500 | ||
|---|---|---|---|
| 001 | 000019980 | ||
| 005 | 20200929170221.0 | ||
| 008 | 100709s1968 sp 001 j spa d | ||
| 040 |
_aDO-SdBNP _bspa _cBNPHU |
||
| 082 |
_a863.6 _bA996d, 1968 |
||
| 100 | 1 |
_aAzorín, _d1873-1967 _95278 |
|
| 245 | 1 | 0 |
_aDon Juan / _cAzorín. |
| 250 | _a7a ed. | ||
| 260 |
_aMadrid : _bEspasa-Calpe, _c1968. |
||
| 300 |
_a152, [16] p. ; _c18 cm. |
||
| 490 | 1 |
_aAustral. Verde: ensayos y filosofía _v153 |
|
| 500 | _aIncluye índice de autores | ||
| 650 | 4 |
_aCuentos españoles _93194 |
|
| 650 | 4 |
_aLiteratura española _9632 |
|
| 830 | 0 |
_aAustral. _pVerde: ensayos y filosofía; _v153 _98733 |
|
| 910 | _aWM | ||
| 049 | _aBNGR | ||
| 999 |
_c19492 _d19492 |
||